000 00682nam a2200241Ia 4500
003 OSt
005 20221005133647.0
006 a|||||r|||| 00| 0
007 ta
008 221004b |||||||| |||| 00| 0 hin d
024 _a107910
037 _cTextual
040 _aCRL
_cCRL
_bhin
041 _2hin
_ahin
082 _aO1wN, 152K3
245 0 _aसाहित्य के नोबल पुरस्कार विजेता
246 _aSāhitya ke nobal puraskār vijetā
260 _c1963
300 _a225पृ0
_ccm.
650 _aहिन्दी साहित्य
942 _hO1wN, 152K3
_cTEXL
_2cc
999 _c1067466
_d1067466